Combien de ville de la Guyane (973) connais-tu ? - Statistiques

Statistiques générales
  • Ce quiz a été pris 50 fois
  • Le résultat moyen est 11 sur 22
Statistiques - réponses
Code postal Ville % Correct
97300 Cayenne
98%
97310 Kourou
90%
97320 Saint-Laurent-du-Maroni
74%
97351 Matoury
71%
97354 Remire-Montjoly
62%
97310 Sinnamary
60%
97355 Macouria
57%
97370 Maripasoula
57%
97313 Saint-Georges
57%
97360 Mana
55%
97314 Saül
55%
97350 Iracoubo
45%
97352 Roura
45%
97316 Papaichton
43%
97319 Awala-Yalimapo
38%
97317 Apatou
36%
97390 Régina
33%
97330 Camopi
31%
97340 Grand-Santi
31%
97312 Saint-Élie
29%
97356 Montsinéry-Tonnegrande
19%
97380 Ouanary
12%
Aucun quiz correspondant
Distribution des résultats
% des personnes avec chaque résultat
Percentile par nombre de réponses
Votre historique - résultats
Vous n’avez pas pris ce quiz